| 000 | 01079nam0a2200301 4500 | ||
|---|---|---|---|
| 001 | RU\NLR\bibl\101595 | ||
| 005 | 20260405141539.0 | ||
| 010 |
_a5-89321-050-6 _92000 |
||
| 021 |
_aRU _b2000-11941 _9590 |
||
| 035 | _a(NLR Aleph) 000099360 | ||
| 090 |
_a560445 _c560445 |
||
| 100 | _a20000802d2000 |||y0rusy50 ca | ||
| 101 | 1 |
_arus _cita |
|
| 102 | _aRU | ||
| 105 | _aach ||||||||| | ||
| 200 | 1 |
_aФилософские диалоги _fДжордано Бруно |
|
| 210 |
_aМ. _cАлетейа _cНовый Акрополь _d2000 |
||
| 215 |
_a317, [2] с. _cил., факс., портр. _d21 |
||
| 600 | 1 |
_aБруно _bД. _f1548 - 1600 _gДжордано _91190715 _3RU\NLR\auth\66162581 |
|
| 606 | 0 |
_aФилософия итальянская _z16 в. _91190717 _3RU\NLR\auth\66162582 |
|
| 686 | _aЮ3(4Ит)43-401.4 | ||
| 700 | 1 |
_4070 _8rus _7ca _aБруно _bД. _f1548-1600 _gДжордано _3RU\NLR\auth\7757600 _940532 |
|
| 801 | 0 |
_aRU _bNLR _c20000802 _gPSBO |
|
| 801 | 1 |
_aRU _bNLR _c20000802 |
|
| 852 |
_aNLR _j2000-3/7457 |
||
| 942 | _cBOOK | ||
| 980 | _aNB | ||